| 000 | 01060cam a2200325 a 4500 | ||
|---|---|---|---|
| 001 | 6657 | ||
| 003 | FISKH | ||
| 005 | 20250519104344.0 | ||
| 008 | 971211s1998 nyua b 000 0 eng | ||
| 010 | _a 97047761 | ||
| 020 | _a0399230211 | ||
| 020 | _a9780439083645 | ||
| 040 |
_aDLC _cDLC _dDLC _beng |
||
| 050 | _aPZ8.J494 B | ||
| 082 | _a398.2 | ||
| 100 | 1 |
_aJohnston, Tony, _d1942- |
|
| 245 | 1 | 0 |
_aBigfoot Cinderrrrrella / _cby Tony Johnston ; illustrated by James Warhola. |
| 260 |
_aNew York : _bScholastic, _c1998. |
||
| 300 |
_a32 pages : _bcolor illustrations ; _c28 cm |
||
| 505 | _aQ | ||
| 520 | _aThis version of the familiar story in which a mistreated step-child finds happiness with the "man" of her dreams is set in the old-growth forest and features Bigfoot characters. | ||
| 521 | 8 |
_a660
_bLexile |
|
| 521 | 8 |
_aQ
_bRaz-Plus |
|
| 650 | 1 | _aFairy tales. | |
| 650 | 1 | _aFolklore. | |
| 700 | 1 |
_aWarhola, James, _eillustrator |
|
| 906 |
_a7 _bcbc _corignew _d1 _eocip _f19 _gy-gencatlg |
||
| 942 |
_2ddc _cBK _n0 |
||
| 999 |
_c6657 _d6657 |
||